| 000 | 00812nam a22002417a 4500 | ||
|---|---|---|---|
| 999 |
_c8101 _d8101 |
||
| 003 | AR-CdUCM | ||
| 008 | 190322b ||||| |||| 00| 0 spa d | ||
| 040 |
_aMUNICIPALIDAD PROVINCIAL DEL CUSCO _cBIBLIOTECA MUNICIPAL DEL CUSCO |
||
| 082 |
_a629.283 / _bR68 |
||
| 100 |
_aRives, Johnny _922879 |
||
| 245 | _aLa Conducción de Automoviles / | ||
| 260 |
_aBarcelona : _bOikos-tau, _c1971. |
||
| 300 |
_a125 paginas ; _bIlustraciones, graficos, _c18 cm. |
||
| 440 |
_a¿ que se ? _n20 _922880 |
||
| 500 | _aAutos | ||
| 505 | _aContenido: Nociones sumarias -- estabilidad de la marcha -- accesorios y la seguridad -- vias de la comunicación... | ||
| 650 |
_aAutomoviles _921127 |
||
| 650 |
_aManual _97438 |
||
| 650 |
_aReglamento _913775 |
||
| 700 |
_aCid, Felip _919933 |
||
| 942 |
_2ddc _cLIBROS |
||
| 945 | _apjha | ||